Najludniejsze państwa Afryki 2100 procenty - Statystyki

Ogólne statystyki
  • Ten quiz został rozwiązany 247 razy
  • Średni wynik to 12 z 15
Statystyki odpowiedzi
lp. % Afryki Kraj % Poprawnych
5 5,2% Egipt
97%
7 3,8% Niger
96%
1 17,1% Nigeria
96%
2 8,4% Demokratyczna Republika Konga
94%
3 6,8% Etiopia
88%
8 3,3% Sudan
88%
10 2,9% Kenia
84%
4 6,6% Tanzania
80%
6 4,3% Angola
71%
12 2,3% Madagaskar
70%
11 2,8% Mozambik
66%
9 3,1% Uganda
64%
14 2,1% Kamerun
60%
13 2,2% Wybrzeże Kości Słoniowej
59%
15 1,9% Burkina Faso
41%
Nie znaleziono quizów pasujących do podanych kryteriów
Rozkład punktacji
Procent ludzi z każdym wynikiem
Percentyl według liczby udzielonych odpowiedzi
Twoja historia wyników
Nie rozwiązałeś tego quizu